[Event "O2C Doeberl Cup 2014"]
[Site "Canberra AUS"]
[Date "2014.04.18"]
[Round "4.6"]
[White "Ly, Moulthun"]
[Black "Li, Zuhao Luke"]
[Result "1/2-1/2"]
[WhiteTitle "IM"]
[BlackTitle "FM"]
[WhiteElo "2440"]
[BlackElo "2326"]
[WhiteFideId "3204405"]
[BlackFideId "4303431"]
[EventDate "2014.04.17"]

1. e4 e5 2. Nf3 Nc6 3. Bb5 a6 4. Ba4 Nf6 5. O-O Be7 6. Re1 b5 7. Bb3 d6 8. c3
O-O 9. h3 Nb8 10. d4 Nbd7 11. Nbd2 Bb7 12. Bc2 Re8 13. a4 Bf8 14. Bd3 c6 15. b3
Rc8 16. Bb2 g6 17. Qc2 Nh5 18. Bf1 Nf4 19. Rad1 Qb6 20. Qb1 Ne6 21. Qa1 Bh6 22.
b4 Rcd8 23. axb5 axb5 24. dxe5 Nxe5 25. Nxe5 dxe5 26. Nf3 Ra8 27. Qb1 f6 28. Bc1
Bxc1 29. Qxc1 c5 30. Qe3 Qc6 31. Rd5 c4 32. g3 Red8 33. Rxd8+ Rxd8 34. Nh2 f5
35. Qc1 Rf8 36. Qd2 f4 37. Ng4 Qc7 38. Bg2 h5 39. Nh2 Rd8 40. Qc1 Rd3 41. g4 Ng5
42. h4 Nh3+ 43. Bxh3 Rxh3 44. gxh5 gxh5 45. Qa1 Rxh4 46. Kh1 Kh7 47. f3 Rh3 48.
Rg1 Rg3 49. Nf1 Rxg1+ 50. Kxg1 Bc6 51. Qe1 Qa7+ 52. Kh1 Kg6 53. Qd2 Qd7 54. Qg2+
Kh6 55. Qg8 Qe8 56. Qg1 Qe6 57. Nh2 Qd6 58. Qg8 Qf6 59. Qc8 Kg6 1/2-1/2

[Event "O2C Doeberl Cup 2014"]
[Site "Canberra AUS"]
[Date "2014.04.18"]
[Round "4.7"]
[White "Smirnov, Anton"]
[Black "Johansen, Darryl K."]
[Result "1/2-1/2"]
[WhiteTitle "FM"]
[BlackTitle "GM"]
[WhiteElo "2344"]
[BlackElo "2400"]
[WhiteFideId "3208923"]
[BlackFideId "3200035"]
[EventDate "2014.04.17"]

1. e4 c5 2. Nf3 Nc6 3. d4 cxd4 4. Nxd4 Nf6 5. Nc3 d6 6. Bg5 e6 7. Qd2 a6 8.
O-O-O h6 9. Be3 Be7 10. f3 Nxd4 11. Bxd4 e5 12. Be3 Be6 13. Kb1 Rc8 14. Nd5 Nxd5
15. exd5 Bf5 16. Bd3 Bxd3 17. Qxd3 O-O 18. f4 exf4 19. Bxf4 Bg5 20. Rhf1 Rc7 21.
a3 Re8 22. Qg3 Bxf4 23. Qxf4 Rce7 24. Qf3 1/2-1/2

[Event "O2C Doeberl Cup 2014"]
[Site "Canberra AUS"]
[Date "2014.04.18"]
[Round "4.8"]
[White "Boyd, Tristan"]
[Black "Morris, James"]
[Result "0-1"]
[WhiteTitle "FM"]
[BlackTitle "IM"]
[WhiteElo "2267"]
[BlackElo "2377"]
[WhiteFideId "3203050"]
[BlackFideId "3205800"]
[EventDate "2014.04.17"]

1. Nf3 Nf6 2. c4 g6 3. Nc3 c5 4. d4 cxd4 5. Nxd4 Bg7 6. e4 O-O 7. Be2 Nc6 8. Be3
d6 9. O-O Bd7 10. Qd2 Qa5 11. Rfd1 Rfc8 12. b3 a6 13. a4 Nxd4 14. Bxd4 Bc6 15.
Qe3 Nd7 16. Bxg7 Kxg7 17. Bg4 e6 18. Rac1 Qc5 19. Qxc5 Nxc5 20. b4 Nxa4 21. Nxa4
Bxa4 22. Rxd6 a5 23. Rb6 Bc6 24. Bf3 axb4 25. Rxb4 Rd8 26. e5 Ra5 27. c5 Rd2 28.
h3 Raa2 29. Bxc6 bxc6 30. Rf4 Rd5 31. Rb1 Ra7 32. Rc4 Rxe5 33. Rb6 Rc7 34. Ra6
Kf6 35. g3 h5 36. h4 Ke7 37. Ra8 Rf5 38. Rc2 Rb7 39. Ra4 Rd5 40. Kg2 e5 41. Kf3
Ke6 42. Ra6 Rc7 43. Rc4 Rd3+ 44. Ke2 Rb3 45. Ra2 Rcb7 46. Rcc2 Kd5 47. f3 R3b4
48. Ra8 Rc4 49. Rd2+ Kxc5 50. Ra5+ Rb5 51. Ra7 f5 52. Rg7 f4 53. Kf2 Rb3 54. Re2
e4 55. fxe4 Rxg3 56. e5 f3 57. Re3 Rh3 0-1

[Event "O2C Doeberl Cup 2014"]
[Site "Canberra AUS"]
[Date "2014.04.18"]
[Round "4.9"]
[White "Roy Chowdhury, Saptarshi"]
[Black "Bao, Qilin"]
[Result "1/2-1/2"]
[WhiteTitle "GM"]
[WhiteElo "2491"]
[BlackElo "2213"]
[WhiteFideId "5002974"]
[BlackFideId "8605750"]
[EventDate "2014.04.17"]

1. e4 c5 2. Nf3 Nc6 3. Nc3 Nf6 4. Bb5 d6 5. h3 Bd7 6. O-O a6 7. Bxc6 Bxc6 8. d3
e6 9. Re1 Be7 10. e5 dxe5 11. Nxe5 Rc8 12. Nxc6 Rxc6 13. Qf3 O-O 14. Bg5 Rc7 15.
b3 h6 16. Bf4 Bd6 17. Bd2 b6 18. a4 Rd7 19. Ne4 Be7 20. Qg3 Nxe4 21. Rxe4 Bf6
22. Rae1 Kh8 23. Bf4 b5 24. axb5 axb5 25. Be5 Rd5 26. Bxf6 Qxf6 27. Qc7 Qd8 28.
Qb7 Qd7 29. Qxd7 Rxd7 30. Ra1 Rc8 31. Kf1 Kg8 32. Ke2 Kf8 33. Ra5 Rb7 34. Kd2
Ke7 35. Ra6 Rcc7 36. b4 Kd7 37. Rg4 g6 38. Rf4 Ke7 39. Re4 Rc8 40. h4 h5 41. f3
Rbc7 42. bxc5 Rxc5 43. Ra7+ Ke8 44. Ra2 g5 45. d4 Rd5 46. c3 Rcd8 47. hxg5 Rxg5
48. Ke3 Ke7 49. Rb2 Rc8 50. Kd3 Rd8 51. Ree2 Rf5 52. Ke3 Ra8 53. Rb3 Kf6 54.
Reb2 Rc8 55. Kd3 Rb8 56. Ke4 Rg8 57. Kd3 Rgg5 58. Ke3 h4 59. Re2 Rg3 60. Rf2 h3
61. gxh3 Rxh3 62. Rb1 Rg5 63. Rfb2 Rf5 64. Rf1 Rg5 65. Rfb1 Rf5 66. Rf1 Rg5 1/2-1/2

[Event "O2C Doeberl Cup 2014"]
[Site "Canberra AUS"]
[Date "2014.04.18"]
[Round "4.10"]
[White "Matheson, Laurence"]
[Black "Cheng, Bobby"]
[Result "0-1"]
[BlackTitle "IM"]
[WhiteElo "2205"]
[BlackElo "2438"]
[WhiteFideId "3200264"]
[BlackFideId "4300033"]
[EventDate "2014.04.17"]

1. e4 c5 2. Nf3 Nc6 3. Bb5 Nf6 4. Nc3 g6 5. O-O Bg7 6. Re1 O-O 7. h3 Ne8 8. b3
Nc7 9. Bf1 b6 10. Bb2 Bb7 11. Rb1 d5 12. exd5 Nxd5 13. g3 Nxc3 14. Bxc3 Bxc3 15.
dxc3 Qxd1 16. Rbxd1 Rad8 17. Bg2 f6 18. Nd2 Kf7 19. Nc4 Rxd1 20. Rxd1 Rd8 21.
Rd3 Ke8 22. Rxd8+ Nxd8 23. Bxb7 Nxb7 24. Kg2 Kd7 25. Kf3 Nd6 26. Nxd6 Kxd6 27.
c4 Ke5 28. c3 h5 29. Ke3 g5 30. g4 h4 31. a3 a6 32. b4 a5 33. bxa5 bxa5 34. a4
f5 35. f3 e6 36. gxf5 Kxf5 0-1

[Event "O2C Doeberl Cup 2014"]
[Site "Canberra AUS"]
[Date "2014.04.18"]
[Round "4.38"]
[White "Stead, Kerry"]
[Black "Lin, Gary"]
[Result "1-0"]
[WhiteElo "2013"]
[BlackElo "1811"]
[WhiteFideId "3202577"]
[BlackFideId "3217957"]
[EventDate "2014.04.17"]

1. d4 Nf6 2. f3 d5 3. e4 e6 4. Be3 dxe4 5. Nd2 exf3 6. Ngxf3 Nbd7 7. Bd3 Be7 8.
O-O c5 9. c3 O-O 10. Qe1 cxd4 11. cxd4 Nd5 12. Nc4 N7f6 13. Bg5 b6 14. Nce5 Bb7
15. Qh4 Rc8 16. Ng4 g6 17. Nh6+ Kg7 18. Ne5 Qe8 19. Rf3 Rc7 20. Raf1 Qd8 21.
Nhxf7 Rxf7 22. Nxf7 Kxf7 23. Qxh7+ Ke8 24. Bxg6+ Kd7 25. Bxf6 1-0

[Event "O2C Doeberl Cup 2014"]
[Site "Canberra AUS"]
[Date "2014.04.19"]
[Round "5.2"]
[White "Melkumyan, Hrant"]
[Black "Mu, Ke"]
[Result "1-0"]
[WhiteTitle "GM"]
[WhiteElo "2633"]
[BlackElo "2325"]
[WhiteFideId "13302485"]
[BlackFideId "8602778"]
[EventDate "2014.04.17"]

1. d4 Nf6 2. c4 g6 3. Nc3 d5 4. Nf3 Bg7 5. cxd5 Nxd5 6. e4 Nxc3 7. bxc3 c5 8.
Rb1 O-O 9. Be2 b6 10. O-O Bb7 11. Qd3 e6 12. Bg5 Qc7 13. Qe3 Nd7 14. Bf4 e5 15.
Bg3 Rae8 16. d5 Qd6 17. Nd2 f5 18. Bh4 Bf6 19. Nc4 Qe7 20. Bxf6 Nxf6 21. f3 Nh5
22. d6 Qd8 23. exf5 gxf5 24. d7 Qxd7 25. Nxe5 Qg7 26. Bc4+ Kh8 27. Rbe1 f4 28.
Qe2 Bc6 29. Bd3 b5 30. Bb1 Bd7 31. Qd3 Bh3 32. Ng4 c4 33. Qd6 Bxg4 34. fxg4 Nf6
35. Rxe8 Nxe8 36. Qc5 a6 37. Rf3 Nf6 38. Rxf4 Rd8 39. Bf5 Qg5 40. g3 Rd1+ 41.
Kg2 Rd2+ 42. Rf2 Rxf2+ 43. Qxf2 Nxg4 44. Qd4+ Nf6 45. g4 Qg7 46. h4 Ne8 47. Qd8
Qe5 48. Kf2 Qf4+ 49. Ke2 Qe5+ 50. Kd2 Qd6+ 51. Qxd6 Nxd6 52. Bc2 a5 53. a3 Nb7
54. Ke3 Nc5 55. Kd4 Nb3+ 56. Kd5 Na1 57. Bf5 Nb3 58. Bd7 h5 59. g5 b4 60. axb4
axb4 61. Kxc4 Nd2+ 62. Kxb4 Kg7 63. c4 Kf7 64. c5 Ke7 65. Bc6 Nf1 66. Bf3 Ng3
67. Kb5 1-0

[Event "O2C Doeberl Cup 2014"]
[Site "Canberra AUS"]
[Date "2014.04.19"]
[Round "5.3"]
[White "Morris, James"]
[Black "Vajda, Levente"]
[Result "0-1"]
[WhiteTitle "IM"]
[BlackTitle "GM"]
[WhiteElo "2377"]
[BlackElo "2597"]
[WhiteFideId "3205800"]
[BlackFideId "1203975"]
[EventDate "2014.04.17"]

1. Nf3 Nf6 2. g3 d5 3. Bg2 e6 4. O-O c5 5. d4 Nc6 6. c3 Bd6 7. Bg5 h6 8. Bxf6
Qxf6 9. dxc5 Bxc5 10. Nbd2 O-O 11. e4 Bb6 12. a4 Rd8 13. Qe2 Bd7 14. Nb3 a6 15.
a5 Ba7 16. Rfe1 dxe4 17. Nfd2 e3 18. fxe3 e5 19. Bd5 Be6 20. Bxe6 Qxe6 21. Qc4
Rd5 22. Kg2 Rad8 23. Nf3 g5 24. e4 Rb5 25. Qxe6 fxe6 26. Nfd2 Nxa5 27. Rxa5 Rxa5
28. Nxa5 Rxd2+ 29. Kh3 Rxb2 30. Rd1 h5 31. Nc4 Rc2 32. Nxe5 Be3 33. g4 Bf4 34.
Nf3 h4 0-1

[Event "O2C Doeberl Cup 2014"]
[Site "Canberra AUS"]
[Date "2014.04.19"]
[Round "5.4"]
[White "Zhao, Zong-Yuan"]
[Black "Illingworth, Max"]
[Result "1-0"]
[WhiteTitle "GM"]
[BlackTitle "IM"]
[WhiteElo "2573"]
[BlackElo "2447"]
[WhiteFideId "3202534"]
[BlackFideId "3205207"]
[EventDate "2014.04.17"]

1. d4 d5 2. c4 c6 3. Nf3 Nf6 4. Nc3 dxc4 5. a4 Bf5 6. e3 e6 7. Bxc4 Bb4 8. O-O
O-O 9. Nh4 Bg4 10. f3 Bh5 11. g4 Nd5 12. Ng2 Bg6 13. Qb3 Qe7 14. a5 b5 15. Be2
Bd6 16. e4 Nxc3 17. bxc3 e5 18. Ba3 Nd7 19. Bxd6 Qxd6 20. Rfd1 h5 21. g5 Qe7 22.
h4 a6 23. Qa3 Rfe8 24. Qxe7 Rxe7 25. dxe5 Nc5 26. Rd6 Rc8 27. Nf4 Rxe5 28. Bd1
Kh7 29. Bc2 Re7 30. Kf2 Nb7 31. Rd4 Rcc7 32. Nxg6 fxg6 33. Ke3 Kg8 34. f4 Kf7
35. e5 c5 36. Rd2 Red7 37. Be4 c4 38. Rad1 Nc5 39. Rxd7+ Rxd7 40. Rxd7+ Nxd7 41.
Kd4 Nf8 42. Kc5 Ne6+ 43. Kd6 Nxf4 44. e6+ Nxe6 45. Bd5 b4 46. Bxe6+ Kf8 47. cxb4 1-0

[Event "O2C Doeberl Cup 2014"]
[Site "Canberra AUS"]
[Date "2014.04.19"]
[Round "5.5"]
[White "Zelesco, Karl"]
[Black "Ly, Moulthun"]
[Result "0-1"]
[BlackTitle "IM"]
[WhiteElo "2274"]
[BlackElo "2440"]
[WhiteFideId "3213390"]
[BlackFideId "3204405"]
[EventDate "2014.04.17"]

1. d4 Nf6 2. c4 e6 3. Nc3 Bb4 4. e3 O-O 5. Bd3 d5 6. Nf3 c5 7. O-O dxc4 8. Bxc4
Nbd7 9. a3 cxd4 10. axb4 dxc3 11. bxc3 Qc7 12. Be2 Nd5 13. c4 Nc3 14. Qc2 Nxe2+
15. Qxe2 Nb6 16. Nd2 e5 17. e4 Be6 18. c5 Nd7 19. Ba3 a5 20. Qb5 Rfc8 21. Rab1
axb4 22. Bxb4 Qc6 23. Qxc6 bxc6 24. g3 Ra4 25. f4 exf4 26. gxf4 f5 27. e5 Bd5
28. Rb2 Nf8 29. Kf2 Ne6 30. Ke3 Nc7 31. Bc3 Be6 32. Kd3 Nd5 33. Rfb1 Ra3 34. Rc1
Rd8 35. Nb3 Rb8 36. Rcb1 Nxf4+ 37. Kc2 Raxb3 38. Rxb3 Bxb3+ 39. Rxb3 Rxb3 40.
Kxb3 Kf7 41. Kb4 Nd5+ 0-1

[Event "O2C Doeberl Cup 2014"]
[Site "Canberra AUS"]
[Date "2014.04.19"]
[Round "5.7"]
[White "Johansen, Darryl K."]
[Black "Van Ruitenburg, Joost"]
[Result "1/2-1/2"]
[WhiteTitle "GM"]
[BlackTitle "FM"]
[WhiteElo "2400"]
[BlackElo "2326"]
[WhiteFideId "3200035"]
[BlackFideId "1010000"]
[EventDate "2014.04.17"]

1. c4 Nf6 2. Nc3 e6 3. e4 d5 4. e5 d4 5. exf6 dxc3 6. bxc3 Qxf6 7. Nf3 e5 8. Bd3
Bd6 9. O-O O-O 10. Be4 Nc6 11. Qc2 h6 12. Rb1 Na5 13. Qa4 Nc6 14. d3 Nd8 15. Be3
c6 16. Rfe1 Qe7 17. d4 f5 18. dxe5 fxe4 19. exd6 Qxd6 20. c5 Qg6 21. Ne5 Qf5 22.
Nc4 Nf7 23. Nd6 Nxd6 24. cxd6 Qg6 25. Kh1 Qxd6 26. Qxe4 Bf5 27. Qc4+ Qe6 28.
Qxe6+ Bxe6 29. Rxb7 Bxa2 30. Rxa7 Rxa7 31. Bxa7 Rf7 32. Be3 Rb7 33. h4 Rb1 34.
Rxb1 Bxb1 35. h5 Ba2 36. Kh2 Bf7 37. g4 Bc4 38. Kg3 Be2 39. Kf4 Kf7 40. Bd4 Bd1
41. Kg3 Kg8 42. f4 Kf7 43. f5 Be2 44. Kh4 Bd1 45. g5 hxg5+ 46. Kxg5 Be2 47. Be5
Bd1 48. h6 gxh6+ 49. Kxh6 Bf3 50. Kg5 Bd5 51. Kf4 Bh1 52. Ke3 Bg2 53. Kd4 Bf3
54. c4 Bg2 55. Kc5 Be4 56. Kd6 Bxf5 57. Kxc6 Be4+ 58. Kd7 1/2-1/2

[Event "O2C Doeberl Cup 2014"]
[Site "Canberra AUS"]
[Date "2014.04.19"]
[Round "5.9"]
[White "Dive, Russell John"]
[Black "Dragicevic, Domagoj"]
[Result "1-0"]
[WhiteTitle "IM"]
[BlackTitle "FM"]
[WhiteElo "2357"]
[BlackElo "2221"]
[WhiteFideId "4300106"]
[BlackFideId "3203328"]
[EventDate "2014.04.17"]

1. c4 e5 2. g3 Nf6 3. Bg2 c6 4. d4 exd4 5. Qxd4 d5 6. Nc3 Be6 7. cxd5 cxd5 8.
Nf3 Nc6 9. Qa4 Bc5 10. Qb5 Qb6 11. Qxb6 axb6 12. e3 O-O 13. O-O Rfd8 14. Bd2 Ne4
15. Rfd1 h6 16. Be1 Nb4 17. a3 Nc2 18. Rac1 Nxe1 19. Rxe1 Rac8 20. Red1 Kf8 21.
Nb5 Bd7 22. Nbd4 Ba4 23. Re1 Bd7 24. Ne5 Be8 25. h4 Rc7 26. Ng6+ Kg8 27. Nf4 Re7
28. b4 Bxd4 29. exd4 Kf8 30. Re3 Nf6 31. Rxe7 Kxe7 32. Rc7+ Kd6 33. Rxb7 b5 34.
Nd3 Ra8 35. Ne5 Nd7 36. Rxb5 Rxa3 37. Rxd5+ Ke7 38. Bh3 Ra1+ 39. Kg2 Nf6 40. Ra5
Rb1 41. Ra7+ Kf8 42. Rb7 Rb2 43. Kg1 Rb1+ 44. Bf1 Ne4 45. Kg2 Nd6 46. Rb6 Ke7
47. Bd3 Rb3 48. Bc4 Rc3 49. Bd5 f6 50. Nc6+ Kd7 51. Ra6 Nb5 52. Rb6 Nd6 53. Na5
Ke7 54. Bc6 Bg6 55. b5 Rc2 56. Nb3 Ne4 57. Rb7+ Kd8 58. Rxg7 Bf5 59. g4 Nxf2 60.
gxf5 Ng4+ 61. Kf3 h5 62. Nc5 1-0

[Event "O2C Doeberl Cup 2014"]
[Site "Canberra AUS"]
[Date "2014.04.19"]
[Round "5.10"]
[White "Brown, Andrew"]
[Black "Smirnov, Anton"]
[Result "1-0"]
[WhiteTitle "IM"]
[BlackTitle "FM"]
[WhiteElo "2252"]
[BlackElo "2344"]
[WhiteFideId "3206513"]
[BlackFideId "3208923"]
[EventDate "2014.04.17"]

1. d4 Nf6 2. c4 g6 3. Nc3 d5 4. cxd5 Nxd5 5. e4 Nxc3 6. bxc3 Bg7 7. Bb5+ c6 8.
Ba4 O-O 9. Ne2 c5 10. O-O Nc6 11. Be3 Na5 12. Rb1 Nc4 13. Bg5 Qc7 14. Qd3 Na3
15. Rbc1 b5 16. Bd1 e5 17. f4 h6 18. Bh4 exf4 19. Nxf4 Bb7 20. Bg3 Qc8 21. e5
cxd4 22. Bb3 Nc4 23. cxd4 Rd8 24. e6 fxe6 25. Qxg6 Qc6 26. Bc2 e5 27. Qh7+ Kf7
28. Nd5+ 1-0

[Event "O2C Doeberl Cup 2014"]
[Site "Canberra AUS"]
[Date "2014.04.19"]
[Round "5.11"]
[White "Tao, Trevor"]
[Black "Richards, Heather S"]
[Result "1-0"]
[WhiteTitle "IM"]
[BlackTitle "WIM"]
[WhiteElo "2430"]
[BlackElo "2148"]
[WhiteFideId "3201961"]
[BlackFideId "408697"]
[EventDate "2014.04.17"]

1. d4 Nf6 2. Bg5 Ne4 3. Bf4 c5 4. f3 Qa5+ 5. c3 Nf6 6. Nd2 cxd4 7. Nb3 Qf5 8.
Bxb8 Rxb8 9. Qxd4 d5 10. Qxa7 Qe5 11. Qd4 Qxd4 12. cxd4 g6 13. e3 Bd7 14. Ne2
Bh6 15. Kd2 O-O 16. Nf4 b6 17. Rc1 Ba4 18. Rc3 Rfd8 19. Nd3 Ne8 20. Nb4 Ra8 21.
Kc2 Bf8 22. a3 e6 23. Be2 Nd6 24. Kb1 Nf5 25. Rhc1 Bxb4 26. axb4 Bxb3 27. Rxb3
Ra4 28. Rc6 Rda8 29. Kc2 Ra1 30. Rxb6 Rh1 31. g4 Rxh2 32. gxf5 Rxe2+ 33. Kd3 Re1
34. fxe6 Raa1 35. exf7+ Kxf7 36. Rb7+ Kf6 37. Rc3 Rad1+ 38. Kc2 Rc1+ 39. Kb3
Rxc3+ 40. bxc3 h5 41. b5 Rxe3 42. b6 Rxf3 43. Rf7+ Kxf7 44. b7 Rf1 45. Ka2 Rf2+
46. Ka3 Rc2 47. Kb3 Rc1 48. Kb2 Rf1 49. b8=Q 1-0

[Event "O2C Doeberl Cup 2014"]
[Site "Canberra AUS"]
[Date "2014.04.19"]
[Round "5.13"]
[White "Zulfic, Fedja"]
[Black "Solomon, Stephen J."]
[Result "0-1"]
[BlackTitle "IM"]
[WhiteElo "2192"]
[BlackElo "2369"]
[WhiteFideId "3208427"]
[BlackFideId "3200043"]
[EventDate "2014.04.17"]

1. e4 c5 2. Nf3 d6 3. d4 cxd4 4. Nxd4 Nf6 5. Nc3 Nc6 6. Bc4 e6 7. Be3 Be7 8. Qe2
O-O 9. O-O-O a6 10. Bb3 Qc7 11. Rhg1 b5 12. g4 Nxd4 13. Bxd4 Nd7 14. g5 Nc5 15.
Qh5 b4 16. Nd5 exd5 17. Bxd5 Ne6 18. Bxe6 fxe6 19. Bxg7 Rxf2 20. c3 bxc3 21.
Bxc3 d5 22. Rd3 Qxh2 23. Qxh2 Rxh2 24. exd5 Ra7 25. g6 exd5 26. gxh7+ Kxh7 27.
Rxd5 Bf8 28. Rd8 Bh6+ 29. Kb1 Bf5+ 30. Ka1 Bg7 31. Bxg7 Rxg7 32. Rxg7+ Kxg7 33.
Rd1 Kf6 34. Re1 Be4 35. Rf1+ Ke5 36. Rd1 Bd3 37. Re1+ Kd4 38. Rc1 Bc2 39. Re1
Kd3 40. Rg1 Kd2 41. Rf1 a5 42. Rg1 a4 43. Rf1 Be4 44. a3 Rh1 0-1

[Event "O2C Doeberl Cup 2014"]
[Site "Canberra AUS"]
[Date "2014.04.19"]
[Round "6.3"]
[White "Van Wely, Loek"]
[Black "Li, Zuhao Luke"]
[Result "1/2-1/2"]
[WhiteTitle "GM"]
[BlackTitle "FM"]
[WhiteElo "2685"]
[BlackElo "2326"]
[WhiteFideId "1000268"]
[BlackFideId "4303431"]
[EventDate "2014.04.17"]

1. c4 Nf6 2. Nc3 e6 3. Nf3 d5 4. d4 Bb4 5. cxd5 exd5 6. Bg5 h6 7. Bh4 c5 8. a3
Bxc3+ 9. bxc3 c4 10. Nd2 g5 11. Bg3 Bf5 12. h4 Rg8 13. hxg5 hxg5 14. f3 Qe7 15.
Kf2 Nc6 16. e4 dxe4 17. Nxc4 O-O-O 18. Qa4 Nd5 19. Re1 Rg6 20. Ne5 Nxe5 21. Bxe5
e3+ 22. Kg1 a6 23. c4 Nf4 24. Rxe3 Re6 25. Qb4 Qxb4 26. axb4 Ng6 27. Kf2 Rde8
28. g4 Nxe5 29. dxe5 Bg6 30. Bd3 Bxd3 31. Rxd3 Rxe5 32. Rh7 R8e7 33. Rd2 Kc7 34.
Kg3 Kc6 35. Rg7 a5 36. bxa5 Rxa5 37. Rd8 Rc5 38. Rdg8 Rxc4 39. Rxg5 Kd6 40. Rf5
Ke6 41. Kh4 Rcc7 42. Kg5 Kd7 43. f4 Kc6 44. Rf6+ Kc5 45. Rb8 Rc6 46. f5 b5 47.
Rf8 Rcc7 48. Ra6 b4 49. Kf6 b3 50. Ra1 Kb4 51. Rb1 Kc3 52. Rb8 Rb7 53. Rc8+ Kb4
54. g5 Rec7 55. Rxc7 Rxc7 56. g6 fxg6 57. fxg6 Ka3 58. g7 Rxg7 59. Kxg7 Ka2 60.
Rxb3 Kxb3 1/2-1/2

[Event "O2C Doeberl Cup 2014"]
[Site "Canberra AUS"]
[Date "2014.04.19"]
[Round "6.4"]
[White "Ly, Moulthun"]
[Black "Brown, Andrew"]
[Result "1/2-1/2"]
[WhiteTitle "IM"]
[BlackTitle "IM"]
[WhiteElo "2440"]
[BlackElo "2252"]
[WhiteFideId "3204405"]
[BlackFideId "3206513"]
[EventDate "2014.04.17"]

1. e4 c5 2. Nf3 Nc6 3. d4 cxd4 4. Nxd4 g6 5. Nc3 Bg7 6. Be3 Nf6 7. Bc4 O-O 8.
Bb3 a5 9. O-O a4 10. Nxa4 Nxe4 11. Nb5 d6 12. c4 Be6 13. Qe2 Nf6 14. Rfd1 Nd7
15. c5 Bxb3 16. axb3 dxc5 17. Bxc5 Nxc5 18. Rxd8 Rfxd8 19. Ra3 Nxa4 20. Rxa4
Rxa4 21. bxa4 Bxb2 22. g3 Bf6 23. Qc2 Kg7 24. Kg2 h5 25. Qc5 Rd2 26. Qb6 Rd7 27.
Nc7 Be5 28. Nb5 e6 29. Qc5 Rd5 30. Qb6 Rd7 31. Qc5 Rd5 32. Qb6 Rd7 33. Qc5 Rd5 1/2-1/2

[Event "O2C Doeberl Cup 2014"]
[Site "Canberra AUS"]
[Date "2014.04.19"]
[Round "6.5"]
[White "Ikeda, Junta"]
[Black "Dive, Russell John"]
[Result "1-0"]
[WhiteTitle "FM"]
[BlackTitle "IM"]
[WhiteElo "2338"]
[BlackElo "2357"]
[WhiteFideId "3204731"]
[BlackFideId "4300106"]
[EventDate "2014.04.17"]

1. Nf3 d5 2. c4 c6 3. e3 Nf6 4. Nc3 e6 5. Qc2 Be7 6. b3 a5 7. Bb2 Na6 8. a3 O-O
9. Rg1 Nc5 10. d4 Nce4 11. Bd3 Nxc3 12. Bxc3 c5 13. dxc5 dxc4 14. bxc4 g6 15. g4
Nd7 16. Rd1 Qc7 17. g5 Qxc5 18. Bb2 a4 19. h4 Qa5+ 20. Bc3 Qc7 21. h5 Nc5 22.
Bxg6 hxg6 23. hxg6 f6 24. g7 Rf7 25. gxf6 Bxf6 26. Qh7+ 1-0

[Event "O2C Doeberl Cup 2014"]
[Site "Canberra AUS"]
[Date "2014.04.19"]
[Round "6.8"]
[White "Zhai, Mo"]
[Black "Johansen, Darryl K."]
[Result "1-0"]
[WhiteTitle "WIM"]
[BlackTitle "GM"]
[WhiteElo "2243"]
[BlackElo "2400"]
[WhiteFideId "8600201"]
[BlackFideId "3200035"]
[EventDate "2014.04.17"]

1. e4 c5 2. Nf3 Nc6 3. Bb5 Nf6 4. Nc3 g6 5. e5 Ng4 6. Bxc6 dxc6 7. h3 Nh6 8. g4
f5 9. g5 Nf7 10. d3 Bg7 11. Qe2 Qb6 12. b3 Qc7 13. Bf4 Be6 14. Kf1 Bd5 15. Nxd5
cxd5 16. Qe3 d4 17. Qe2 e6 18. Kg2 Rd8 19. c3 dxc3 20. Rac1 Qa5 21. Qc2 Qb4 22.
Kg3 h6 23. gxh6 g5 24. Bxg5 Nxg5 25. a3 Bxe5+ 26. Nxe5 Qd4 27. Qxc3 Nf7 28. Qxd4
Rxd4 29. Rxc5 Nxe5 30. Rxe5 Rxd3+ 31. Re3 Rxe3+ 32. fxe3 Rxh6 33. h4 e5 34. h5
Kf8 35. Kh4 Rd6 36. Rf1 Rd3 37. Rxf5+ Kg8 38. Rxe5 Rxb3 39. h6 Rxa3 40. Kg5 Ra1
41. Re8+ Kh7 42. Re7+ Kh8 43. Rxb7 Ra5+ 44. Kg6 Ra6+ 45. Kf7 Rxh6 46. Rb8+ Kh7
47. e4 Rh5 48. Rb1 Kh6 49. Kf6 Rh2 50. Rf1 Kh7 51. Kf7 1-0

[Event "O2C Doeberl Cup 2014"]
[Site "Canberra AUS"]
[Date "2014.04.19"]
[Round "6.10"]
[White "Solomon, Stephen J."]
[Black "Otgonjargal, Sengeravdan"]
[Result "1-0"]
[WhiteTitle "IM"]
[BlackTitle "WFM"]
[WhiteElo "2369"]
[BlackElo "2196"]
[WhiteFideId "3200043"]
[BlackFideId "4900790"]
[EventDate "2014.04.17"]

1. d4 d5 2. c4 e6 3. Nc3 f5 4. g3 c6 5. Bg2 Nf6 6. Nf3 Bd6 7. O-O O-O 8. b3 Nbd7
9. Bb2 Qe8 10. e3 Qh5 11. Nh4 Qh6 12. cxd5 Nxd5 13. Nf3 N7f6 14. Qe2 Bd7 15. Ne5
Be8 16. Nxd5 exd5 17. Rac1 Ne4 18. f3 Ng5 19. Rc2 Bh5 20. Qd2 Rae8 21. Bc3 Re7
22. f4 Nf7 23. Bb4 Rfe8 24. Rfc1 Bxb4 25. Qxb4 Nxe5 26. dxe5 Bg4 27. Qd4 a6 28.
b4 Bh3 29. Bh1 Qg6 30. a4 h5 31. Kf2 Kh7 32. Bf3 Bg4 33. Bg2 h4 34. b5 axb5 35.
axb5 Re6 36. bxc6 bxc6 37. Qa4 Bh5 38. Bh3 Rb8 39. Rg1 Bg4 40. Bf1 Qh5 41. Bd3
Bd1 42. Rxd1 Qxd1 43. Bxf5+ g6 44. Qa7+ Kh6 45. Qxb8 1-0

[Event "O2C Doeberl Cup 2014"]
[Site "Canberra AUS"]
[Date "2014.04.19"]
[Round "6.14"]
[White "Smirnov, Anton"]
[Black "Morris, Michael"]
[Result "1-0"]
[WhiteTitle "FM"]
[WhiteElo "2344"]
[BlackElo "2156"]
[WhiteFideId "3208923"]
[BlackFideId "3205819"]
[EventDate "2014.04.17"]

1. e4 e6 2. d4 d5 3. Nc3 Nc6 4. e5 f6 5. Bb5 Bd7 6. Nf3 Qe7 7. O-O Qf7 8. Re1
O-O-O 9. a4 a6 10. Bxc6 Bxc6 11. Ne2 Ne7 12. b4 Ng6 13. c3 b6 14. Nf4 Nxf4 15.
Bxf4 Bb7 16. exf6 gxf6 17. Re3 Kb8 18. Qe2 Bc8 19. Re1 Be7 20. Bg3 Rhe8 21. Nh4
Rg8 22. f4 Bd6 23. f5 exf5 24. Bxd6 Rxd6 25. Re7 Qf8 26. Qh5 Bd7 27. Nxf5 Rg5
28. Re8+ Bxe8 29. Rxe8+ Kb7 30. Qxh7 1-0